000 00646cab a2200229 4500
001 X3434
008 090401t1996 xxu||||| |||| 00| 0 eng d
035 _a(Sirsi) u30484
041 _aeng
245 _aTrees in the urban landscape
260 _c1996
350 _a0
490 _aCSM (Chartered Surveyor Monthly)
_v5(7) April 1996, 45(1)
520 _aSummarises the coverage of a book on the management of trees in the urban environment.
650 _aABORICULTURE
650 _aLANDSCAPING
650 _aTREES
650 _aURBAN ENVIRONMENT
690 _aENVIRONMENTAL AND LAND CONSULTANCY
942 _n0
948 _c04/03/1997
999 _c20553
_d20553